L'analyse de séquences (notice n° 1925271)
[ vue normale ]
| 000 -LEADER | |
|---|---|
| fixed length control field | 01184cam a2200133 4500500 |
| 005 - DATE AND TIME OF LATEST TRANSACTION | |
| control field | 20260329023158.0 |
| 041 ## - LANGUAGE CODE | |
| Language code of text/sound track or separate title | fre |
| 042 ## - AUTHENTICATION CODE | |
| Authentication code | dc |
| 100 10 - MAIN ENTRY--PERSONAL NAME | |
| Personal name | Jullier, Laurent |
| Relator term | author |
| 245 00 - TITLE STATEMENT | |
| Title | L'analyse de séquences |
| 260 ## - PUBLICATION, DISTRIBUTION, ETC. | |
| Name of publisher, distributor, etc. | Armand Colin,<br/> |
| Date of publication, distribution, etc. | 2025.<br/> |
| 520 ## - SUMMARY, ETC. | |
| Summary, etc. | Comment analyser une séquence de film&#8239;? Qu’on s’y lance pour le plaisir ou dans le cadre d’un examen, il est prudent de partir bien équipé&#8239;!Conçu comme une boîte à outils, ce livre fournit les bases indispensables à l’exercice d’analyse, en technique comme en esthétique. Chacun des outils est présenté à l’aide d’exemples de films puisés dans l’histoire du cinéma. Nul besoin d’être un cinéphile accompli pour se les approprier.Enfin des descriptifs d’épreuves, parmi celles qui comportent une analyse de séquence, sont fournis et commentés: l’option cinéma du bac et des agrégations de lettres et d’arts plastiques, les concours d’entrée à l’ENS (Lyon et Paris), à la Fémis, à Louis-Lumière et à l’INSAS (Bruxelles). |
| 856 41 - ELECTRONIC LOCATION AND ACCESS | |
| Uniform Resource Identifier | <a href="https://shs.cairn.info/l-analyse-de-sequences--9782200641313?lang=fr&redirect-ssocas=7080">https://shs.cairn.info/l-analyse-de-sequences--9782200641313?lang=fr&redirect-ssocas=7080</a> |
Pas d'exemplaire disponible.




Réseaux sociaux